[Event "Olympiad-32"]
[Site "Yerevan"]
[Date "1996.09.23"]
[Round "7.2"]
[White "Galdunts, Sergey"]
[Black "Alterman, Boris"]
[Result "0-1"]
[WhiteElo "2465"]
[BlackElo "2590"]
[Annotator "Alterman,B"]
[PlyCount "68"]
[EventDate "1996.09.15"]
[EventType "team-swiss"]
[EventRounds "14"]
[EventCountry "ARM"]
[SourceTitle "CBM 055"]
[Source "ChessBase"]
[SourceDate "1996.12.01"]
[SourceVersion "1"]
[SourceVersionDate "1996.12.01"]
[SourceQuality "1"]
[WhiteTeam "Armenia III"]
[BlackTeam "Israel"]
[WhiteTeamCountry "ARM"]
[BlackTeamCountry "ISR"]

1. e4 c5 2. Nf3 d6 3. c3 Nf6 4. h3 Nc6 5. Bd3 g6 6. O-O Bg7 7. Bc2 O-O (7... e5
$142 8. d4 exd4 9. cxd4 O-O) 8. d4 cxd4 9. cxd4 d5 10. e5 Ne4 11. Nbd2 (11. Nc3
Bf5 12. Ne2) 11... Bf5 12. Nb3 (12. Re1 $6 Nxd2 13. Bxd2 Bxc2 14. Qxc2 Rc8 $15)
12... Rc8 13. Ne1 $5 {xNe4} Qb6 $5 (13... f6 $5 14. exf6 Bxf6 15. Bh6 Rf7 $10)
(13... a5 $1 14. a4 $140 Nb4 15. Bb1 f6 $1 $15) 14. g4 $1 (14. Be3 $5) 14...
Be6 (14... Bd7 15. f3 Ng3 16. Rf2 Bxe5 17. dxe5 Nh1 18. Kxh1 Qxf2 19. Bf4 Nb4
$13) 15. Kg2 $6 (15. f3 Ng3 16. Rf2 Bxe5 $1 17. dxe5 Nh1 18. Nd3 Nxe5 $1 $132)
15... f6 (15... a5 $1 16. a4 f6) 16. Be3 (16. f3 Ng5 17. f4 fxe5 $3 18. fxg5 (
18. dxe5 Ne4 $15) 18... Rxf1 19. Kxf1 exd4 $32 $40) 16... fxe5 17. dxe5 Qc7 18.
f4 Nxe5 $1 19. fxe5 Qxe5 (19... Rxf1 $1 20. Kxf1 Qxe5 21. Nd4 (21. Bxe4 Qxe4
22. Ke2 Bxb2 $17) (21. Bd4 Qh2 22. Bxe4 (22. Nf3 Qxh3+ 23. Ke1 Qg3+ 24. Ke2
Qg2+ 25. Ke3 Rxc2 26. Bxg7 Kxg7 $19) 22... dxe4 23. Bxg7 Bc4+ 24. Nd3 Bxd3+ $19
) 21... Rf8+ 22. Nef3 Qg3 $19) 20. Bxe4 Qxe4+ (20... Rxf1 21. Kxf1 dxe4 $2 22.
Rc1 $1 Rf8+ 23. Kg2) 21. Rf3 d4 $3 22. Bxd4 (22. Bf2 Bd5 23. Nxd4 (23. Nd2 Qf4
24. Qb3 (24. Kg1 Bxf3 25. Nexf3 e5 $19) 24... Bxb3 25. Rxf4 Bd5+ 26. Rf3 Bh6
27. Rd1 e5 $17) 23... Bxd4 24. Bxd4 Rxf3 25. Nxf3 Rf8 $19) 22... Rfd8 23. Qd3
Qxd3 24. Rxd3 Bxb3 25. Rxb3 $6 (25. Bxg7 Rxd3 26. Nxd3 Bd5+ 27. Kg3 Kxg7 28.
Re1 $17) 25... Rxd4 $19 26. Rxb7 Rd2+ 27. Kf3 Rf8+ 28. Ke4 Re2+ 29. Kd3 Rh2 30.
Rxe7 Rxh3+ 31. Re3 $2 $138 (31. Ke2 Rh2+ $19) 31... Rd8+ 32. Ke2 Rh2+ 33. Kf3
Rxb2 34. Rc1 Bh6 0-1

[Event "FIDE-Wch k.o."]
[Site "Groningen"]
[Date "1997.12.24"]
[Round "6.2"]
[White "Anand, Viswanathan"]
[Black "Gelfand, Boris"]
[Result "1-0"]
[WhiteElo "2765"]
[BlackElo "2695"]
[Annotator "Anand,V"]
[PlyCount "73"]
[EventDate "1997.12.09"]
[EventType "k.o."]
[EventRounds "7"]
[EventCountry "NED"]
[SourceTitle "CBM 063"]
[Source "ChessBase"]
[SourceDate "1998.03.26"]
[SourceVersion "1"]
[SourceVersionDate "1998.03.26"]
[SourceQuality "1"]

1. e4 {HarZvi} c5 2. Nf3 d6 3. c3 Nf6 4. Be2 g6 5. O-O Bg7 6. Bb5+ (6. d3 {
HarZvi} O-O 7. Nbd2 Nc6 (7... e5 8. a3 Nbd7 9. b4 d5 10. Qb3 dxe4 11. dxe4 Qc7
12. a4 b6 13. Bc4 Bh6 14. Re1 Bb7 15. a5 Rae8 16. h4 $14 {/~~ Georgiev,
Kr-Petursson,M Saint John op-2 1988}) 8. Re1 b6 9. a3 Qc7 10. Bf1 Bb7 11. b4
Nd7 12. Qb3 e6 (12... cxb4 13. axb4 Nxb4 14. Qxb4 Bxc3 15. Qb1 Bxa1 16. Qxa1
$14 {/+/-}) 13. Bb2 d5 14. d4 c4 15. Qa4 b5 16. Qc2 $13 {Hickel,J-Hubner,R
Nussloch 1996 66/163}) 6... Nc6 (6... Nbd7 {RR} 7. Re1 a6 8. Bf1 O-O (8... Ne5
{HarZvi} 9. d4 Nxf3+ 10. Qxf3 Nd7 11. Rd1 O-O 12. Be3 Qc7 (12... Qb6 13. Rd2)
13. Nd2 b6 14. Rac1 Bb7 15. Qh3 Rac8 16. d5 Rfe8 17. Bh6 e6 18. Bxg7 Kxg7 19.
c4 $14 {Adams,M-Van Wely,L/Wijk ann Zee 1996}) 9. d4 e5 10. dxe5 (10. d5 Nh5
$36 (10... b5 11. a4 Rb8 12. axb5 axb5 13. Na3 $14)) 10... Nxe5 11. Bg5 Qb6 12.
Nxe5 dxe5 13. Qc2 Be6 $10 {Kengis,E-Lukin.A Groningen op(3) 1991 1/2 27}) (6...
Bd7 {HarZvi} 7. Bxd7+ Qxd7 8. Re1 O-O 9. d4 Na6 10. d5 (10. e5 $5) 10... c4 11.
Nbd2 Nc5 12. Nxc4 Ncxe4 13. a4 Nc5 14. Ne3 Qd8 15. Ra3 $14 {Adams,M-Anand,V
Dortmund 1996}) 7. d4 O-O (7... cxd4 {RR} 8. cxd4 O-O (8... a6 {HarZvi} 9. Be2
d5 10. e5 Ne4 11. Be3 Qb6 12. Nc3 {1/2-1/2 Adams,M-Van Wely,L/FIDE-Wch k.o.
1997/CBM63/ [Har-Zvi,R] (52)}) (8... Qb6 9. Na3 a6 10. Ba4 O-O 11. d5 Na5 12.
Qe1 Bd7 13. Bxd7 Nxd7 14. Be3 $16 {[%csl Rb6] /+- 1-0 Yudasin,L-Rechlis,G/
ISR-chT 1996/EXP 52 (33)}) (8... d5 9. e5 Ne4 10. Ne1 f6 11. f3 Ng5 12. Bxg5
fxg5 13. Nc3 O-O 14. Nc2 Bd7 15. Qd2 e6 16. Kh1 Qb6 17. a4 Rf7 18. Rfc1 $14 {
1/2-1/2 Lutz,C-Lagunow,A/GER-ch 1995/EXP 50 (44)}) 9. Nc3 Bg4 10. Be3 Nd7 11.
Be2 e5 12. d5 Bxf3 13. dxc6 Bxe2 14. Nxe2 Nf6 15. cxb7 Rb8 16. Nc3 $14 {
Torre,T-Gallagher,J Saint John op-2 1988 1-0 32/CBM 06}) (7... a6 {HarZvi} 8.
Bxc6+ bxc6 9. Re1 (9. dxc5 Nxe4 10. cxd6 Nxd6 (10... exd6 $2 11. Qa4 {[%cal
Ga4c6,Ga4e4]})) 9... cxd4 10. cxd4 O-O 11. h3 (11. Nc3 Bg4 $5) 11... Nd7 12.
Nc3 c5 (12... Rb8 13. b3 c5 14. Be3) 13. Be3 Rb8 14. Qd2 cxd4 15. Bxd4 Bxd4 16.
Nxd4 $14 {1/2-1/2 Hellsten,J-De Firmian,N/Mermaid Beach Club 1997/CBM 58/[Har
Zvi] (58)}) (7... Bd7 {HarZvi} 8. Qe2 a6 9. Bxc6 Bxc6 10. d5 Bd7 11. Rd1 O-O
12. e5 dxe5 13. Nxe5 Bf5 14. c4 Qc7 15. Nc3 Rad8 16. Nf3 h6 17. Be3 $11 {
Adams,M-Ivanchuk,V Wijk ann Zee 1996 65/(193)}) 8. d5 Na5 (8... Nb8 {RR} 9. Re1
e6 10. a4 (10. dxe6 {HarZvi} Bxe6 11. Na3 h6 12. Bf4 d5 13. exd5 Nxd5 14. Bg3
Nc6 15. Bxc6 bxc6 16. Ne5 $14 {/+/- 1/2-1/2 Torre,E-Gelfand,B/Erevan olm 1996/
EXT 96ch2 (77)}) 10... a6 11. Bf1 exd5 12. exd5 Bg4 (12... Bf5 $5) (12... Bf5 {
HarZvi}) 13. h3 Bxf3 14. Qxf3 Re8 15. Rxe8+ Nxe8 16. Na3 Nd7 17. Bf4 Ne5 18.
Qd1 Rb8 19. Qd2 Nc7 20. a5 Ne8 21. Nc4 $16 {Lutz,C-Khalifman,A/Munich 1992/CBM
30/[Boensch,U]/1-0 (58) ^^}) 9. Re1 e6 10. Bf1 $1 {/\ c3-c4} (10. dxe6 Bxe6 11.
Ba4 $11 d5 12. e5 Ne4 13. Nbd2 Bf5 14. Nxe4 dxe4 15. Qxd8 Raxd8 16. Ng5 $14 {
1-0 Benjamin,J-Kaidanov,G/USA-ch 1996/CBM 55 (41)}) 10... exd5 11. exd5 Bf5 12.
Na3 (12. c4 $1 $14 {>< Na5}) (12. c4 $5 {HarZvi this is certainly a move one
must consider seriously,since now the knight on a5 seems out of the game and
white's knight on "b1" is going to have a very good place on "c3"} Re8 13.
Rxe8+ Qxe8 14. Bd2 b6 {[%cal Gf6e4]} 15. Bc3 {[%csl Ra5] when white has slight
advantage}) 12... b6 (12... a6 $5 {[%cal Gb7b5] HarZvi} 13. Bg5 h6 14. Bh4 {
[%cal Gb2b4]} g5 15. Bg3 Nh5 $132 {/->}) (12... Re8 $5 {HarZvi}) 13. Bf4 $6 {
/\ Nb5} (13. Ba6 $5 Bc8 (13... Qd7 14. b4 cxb4 15. cxb4 Ne4 16. Nd4) 14. Bd3 {
>< f5 /\ c4}) (13. Bd3 {HarZvi} Qd7 14. c4 Rfe8) 13... a6 $1 $13 {Har Zvi:
black's king is simply commimg and with a pass "h" pawn there is nothing more
to seewe can say very easily that white got nothing out of the opening,I guess
that because this was the second game in the match Anand did not want to risk
a lot and played a solid line not the usual Sicilian which we could expect
against Gelfand} 14. Rc1 Be4 15. Bg5 (15. c4 Bxf3 16. Qxf3 Nh5 $1 $13) 15...
Re8 16. b4 (16. c4 {HarZvi} h6 17. Bd2) 16... Nb7 17. b5 $5 (17. Nd2 $1 Bxd5
18. Rxe8+ Qxe8 19. Bxf6 Bxf6 20. Ndc4 Bxc4 21. Nxc4 b5 22. Nb6 $14 {/~/=}) (17.
bxc5 {HarZvi} dxc5 {[%cal Gb7d6]} (17... Nxc5 18. c4 {[%cal Gf3d4]} Qd7 $140 {
[%csl Ra3]} 19. Nd4 Ng4 $36) 18. c4 Nd6 {when black's position seems very nice}
) 17... axb5 18. Nxb5 h6 $4 {Har Zvi: black's king is simply commimg and with
a pass "h" pawn there is nothing more to seeunbelieveable mistake from a
player such as Gelfand at this stage of the tournament,a world championchip
one!! this was a normal game not rapid and this is move 18 so I have really no
explanation at all why this happened} (18... Qd7 19. Bxf6 (19. c4 h6 20. Bh4 g5
21. Bg3 $13) 19... Bxf6 20. a4 {^^, פb7}) (18... Rxa2 19. Qb3 (19. Nd2 Bxd5
20. Rxe8+ Qxe8 21. Nc7 Qe5 22. Bxf6 Bxf6 23. Nc4 Bxc4 24. Bxc4 Rb2 $19) 19...
Ra5 (19... Ra8 20. Nd2 Na5 (20... Bxd5 $4 21. Bxf6 $18) (20... c4 21. Bxf6 Qxf6
22. Qxc4 Bf5 23. Qc6 $36) 21. Qb2 (21. Qd1 $2 Bxd5 22. Rxe8+ Qxe8 23. Bxf6 Bxf6
24. Nc7 Qc6 25. Nxa8 Qxa8 $15 {/-/+}) 21... Bxd5 22. Rxe8+ Qxe8 23. Bxf6 Bxf6
24. Nc7 $14 (24. Nc7 Qc6 25. Nxa8 Qxa8 26. Qxb6 $16)) (19... Bxd5 20. Qxd5 $1)
20. Nd2 $44 (20. Nd2 {HarZvi} Bf5 (20... Bxd5 21. Bxf6) 21. Rxe8+ (21. Nc4 Rxe1
22. Rxe1 Ra8) 21... Qxe8 22. Nxd6 Nxd6 23. Qxb6 Nfe4 24. Nxe4 Nxe4 25. Qxa5
Nxg5 26. Qxc5 $14)) 19. Bxf6 Bxf6 (19... Qxf6 {HarZvi} 20. Nc7 Bxf3 21. Rxe8+
Rxe8 22. Nxe8 $18) 20. Nd2 $18 Bxg2 (20... Bf5 21. Rxe8+ Qxe8 22. Nc7 Qc8 23.
Nxa8 Qxa8 24. a4 {/\ Bb5+-}) (20... Bxd5 21. Rxe8+ Qxe8 22. Nc7 Qc6 23. Nxa8
Na5 24. c4 Be6 25. Qf3 $18) 21. Bxg2 Rxe1+ 22. Qxe1 Rxa2 23. Ra1 Rb2 24. Rb1
Ra2 25. Nf3 Qd7 26. Qe4 $1 {>< f5, g4, a4} Kg7 27. c4 h5 {/\ Qg4} 28. h3 $1 Na5
29. Bf1 Ra4 30. Re1 Rb4 31. Kg2 $1 (31. Qe8 Qxe8 32. Rxe8 Nxc4 33. Bxc4 Rxc4
34. Nxd6 Rc1+) 31... Rb3 32. Re3 (32. Qe8 Qf5) 32... Rb4 (32... Rxe3 $8 33.
Qxe3 {/\ Bd3, Nd2-e4}) 33. Qe8 Qxe8 34. Rxe8 Nxc4 35. Bxc4 Rxc4 36. Nxd6 Rc1
37. Rc8 1-0

[Event "Barcelona"]
[Site "Barcelona"]
[Date "1992.05.??"]
[Round "1"]
[White "Romanishin, Oleg M"]
[Black "Dorfman, Josif D"]
[Result "1-0"]
[WhiteElo "2595"]
[BlackElo "2605"]
[Annotator "Anand,V"]
[PlyCount "41"]
[EventDate "1992.05.??"]
[EventType "tourn"]
[EventRounds "11"]
[EventCountry "ESP"]
[EventCategory "13"]
[SourceTitle "CBM 030"]
[Source "ChessBase"]
[SourceDate "1992.10.01"]
[SourceVersion "1"]
[SourceVersionDate "1992.10.01"]
[SourceQuality "1"]

1. e4 {Boensch} c5 2. Nf3 d6 3. g3 {A typical Romanishin move} g6 4. c3 d5 (
4... Nf6 5. Bg2 Nc6 6. d4 (6. d3 Bg7 $10) 6... cxd4 7. cxd4 Nxe4 8. d5 Qa5+ {
the inclusion of g3 and g6 is good for black}) 5. exd5 Qxd5 6. d4 Nf6 (6... Bg7
7. dxc5 Qxc5 $13) (6... cxd4 {Boensch} 7. cxd4 $14) 7. Bg2 Qe6+ $6 (7... Bg7 8.
O-O O-O 9. Ne5 $14) (7... Qe4+ $5 8. Kf1 (8. Be3 Ng4 9. Qe2 cxd4 10. cxd4 Nxe3
11. fxe3 Bh6 12. Kf2 O-O $13)) (7... cxd4 {Boensch}) 8. Ne5 Qa6 $2 (8... Bg7 9.
O-O O-O 10. Re1 $16) (8... cxd4 {Boensch} 9. cxd4 Nc6 10. O-O Nxe5 11. Re1 $16)
9. Qb3 $1 e6 10. Na3 {Suddenly white is winning} Qb6 11. Nec4 Qd8 (11... Qxb3
12. axb3 {black cannot meet the threat of Nb5}) 12. Bxb7 Bxb7 13. Qxb7 Nbd7 14.
Nb5 $18 {amazing! White's insipid opening has produced a winning position in
14 moves There is something to be said for openings that look totally
refutable!} Nd5 15. Bf4 Ke7 {no comment!} 16. Nxa7 Kf6 17. Ne5 N5b6 18. Bg5+ $1
Kxg5 19. Nxf7+ Kf6 20. Nxd8 Rxd8 21. Nc6 1-0

[Event "Lasker Memorial"]
[Site "Berlin"]
[Date "2000.05.07"]
[Round "9"]
[White "Galego, Luis"]
[Black "Atalik, Suat"]
[Result "0-1"]
[WhiteElo "2451"]
[BlackElo "2575"]
[Annotator "Atalik,S"]
[PlyCount "102"]
[EventDate "2000.04.29"]
[EventType "tourn"]
[EventRounds "9"]
[EventCountry "GER"]
[EventCategory "9"]
[SourceTitle "EXT 2002"]
[Source "ChessBase"]
[SourceDate "2001.11.25"]
[SourceVersion "1"]
[SourceVersionDate "2001.11.25"]
[SourceQuality "1"]

1. e4 c5 2. Nf3 d6 3. c3 Nf6 4. Bd3 Nc6 (4... Bg4 $142) 5. h3 g6 6. O-O (6. Bc2
Bg7 7. d4 cxd4 8. cxd4 Nb4 9. Nc3 Nxc2+ 10. Qxc2 O-O $11) 6... Bg7 7. Bc2 O-O
8. Re1 (8. d4 cxd4 9. cxd4 Nb4) 8... e5 9. d3 h6 (9... d5 10. Bg5 dxe4 11. dxe4
Qxd1 12. Rxd1 Be6 $11) 10. Be3 Re8 11. Nbd2 (11. Qd2 Kh7) 11... b6 12. d4 exd4
13. cxd4 Nb4 14. Bb1 (14. Ba4 Bd7) 14... Bb7 $1 (14... Ba6 $6 15. Qb3 Bb7 16.
a3 Na6 17. d5 Nc7 18. Bd3 $14) 15. a3 (15. d5 $6 Nfxd5 16. exd5 Bxb2) 15... Na6
(15... cxd4 $6 16. Bxh6 Bxh6 17. axb4 $14) 16. Bd3 (16. d5 $2 Nxd5 17. exd5
Bxb2 18. Ra2 Bg7 19. Ne4 Nc7 20. Bf4 Nxd5 21. Nxd6 (21. Bg3 $2 Rxe4 22. Bxe4
Nc3) 21... Rxe1+ 22. Qxe1 Nxf4 23. Nxb7 Qc7 $17) 16... cxd4 (16... Nc7 $6 17.
d5 Nfxd5 18. exd5 Bxb2 19. Bxh6 $1 $40) 17. Bxd4 $6 (17. Nxd4 Nc5 18. Bb5 Re7)
17... Nc5 18. Bc2 Rc8 $2 (18... Nfxe4 $1 19. Bxg7 (19. Bxe4 Nxe4 20. Nxe4 Rxe4
21. Rxe4 (21. Bxg7 $6 Rxe1+ 22. Nxe1 Kxg7 $17) 21... Bxe4 22. Bxg7 Bxf3 23.
Qxf3 Kxg7 24. Rd1 $15) 19... Kxg7 (19... Nxd2) 20. Nxe4 (20. Bxe4 Bxe4 21. Nxe4
Nxe4 (21... Rxe4 22. Qd5 $1 $15) 22. Qd4+ Nf6 23. Rxe8 Qxe8 24. Qxd6 $11) 20...
Bxe4 21. Bxe4 Rxe4 (21... Nxe4 22. Qd4+ Nf6 23. Rxe8 Qxe8 24. Qxd6 $11) 22. Qd5
$15) 19. e5 dxe5 20. Bxe5 Ba6 (20... Nd3 $2 21. Bxf6 Rxe1+ 22. Nxe1 $18) 21.
Nf1 Re7 22. Qxd8+ Rxd8 23. Rad1 Rxd1 (23... Rde8 24. N1h2 $1 $11 (24. b4 Ncd7
25. Bd6 Re2 26. N1d2 Nd5 $36)) 24. Rxd1 Bb7 25. Rd8+ (25. N1d2 $5 $11) 25...
Kh7 26. N1d2 Nfd7 27. Bd6 (27. Bxg7 Kxg7 28. Nd4 Nf8 $36) 27... Re2 (27... Re6
28. Bxc5 Nxc5 29. b4 Bf6 30. Rb8 $11) 28. Ba4 $6 (28. Bd1 Re6 29. Bxc5 Nxc5 30.
b4 Bf6 31. Rb8 Bxf3 32. Nxf3 Ne4 33. Rb7 Re7 34. Rxe7 Bxe7 $15) 28... Re6 (
28... Bf6 29. Rxd7 Nxd7 30. Bxd7 Bxf3 31. Nxf3 Rxb2 32. Kf1 $11) 29. Bf4 (29.
Bg3 Nxa4 $1 (29... Nf6 30. Bb5 $11) 30. Rxd7 Nc5 31. Rxf7 Kg8 32. Rc7 Bxb2 33.
Nc4 Bf6 34. Nd6 Bxf3 35. gxf3 a6 $15) 29... Ne5 $2 (29... Nf6 $1 30. Bb5 Nd5
31. Bg3 Bf6 32. Rb8 Bxb2 33. Bc4 Bxa3 34. Rxb7 Nxb7 35. Bxd5 Re7 36. Nc4 Bc5
37. Nce5 Nd8 38. Bh4 g5 39. Bg3 a5 $19) 30. Bxe5 Bxe5 31. Nxe5 Rxe5 32. Be8 (
32. Bc2 Re2 (32... Re1+ 33. Kh2 Re7 (33... Rc1 34. Bb3 Nxb3 35. Nxb3 Rc7 36.
Nd4 $11)) 33. b4 Ne6 34. Rd7 Bc6 35. Rd6 Kg7 36. Bb3 $11) (32. Bb5 $2 Ne6 33.
Rd7 Bc8 34. Rxf7+ Kg8 35. Rxa7 Rxb5 36. Ne4 Ra5 37. Re7 Re5 38. Nd6 Ba6 39. b4
Bd3 40. a4 Re2 $17) 32... Re1+ 33. Kh2 Re7 (33... Re2 34. f3) 34. Bb5 $138 (34.
b4 Ne6 35. Rd7 Rxd7 36. Bxd7 Nd4 37. Nc4 $11) 34... Kg7 35. b4 Ne6 36. Rd6 (36.
Rd7 Rxd7 37. Bxd7 Nd4 38. Nc4 Kf6) 36... Nf4 $138 37. g3 Nd5 38. Bf1 Rc7 39.
Bg2 $2 (39. Bc4 Nf6 $11) 39... Rc2 40. Ne4 $2 (40. Rd7 Bc6 41. Rd6 Rxd2 42.
Rxc6 Rxf2 43. Kg1 Rf5 $15) (40. Nf1 $1 Rxf2 41. Kg1 Rxg2+ (41... Rf5 $6 42. b5
$16) 42. Kxg2 Nxb4+ 43. Kf2 Na6 $44) 40... Ne3 $1 41. Bf3 (41. Rd7 Bc6 42. Rc7
Nxg2 $19) 41... Bxe4 42. Bxe4 Rxf2+ 43. Kg1 Rf1+ 44. Kh2 Ra1 45. Rd3 Nc4 46.
Bd5 Ne5 $1 (46... Nxa3 47. Bb3 Rb1 48. Bxf7 Rxb4 49. Rxa3 Kxf7 50. Rxa7+ Ke6
$17) 47. Rc3 (47. Re3 Kf6) 47... Rd1 48. Be4 Rd2+ 49. Kg1 f5 50. Bc2 Kf6 51.
Kf1 Rd6 (51... Rd6 52. Ke2 Rc6 53. Rxc6+ Nxc6 54. Ke3 Ke5 $19) 0-1

[Event "Corus-C"]
[Site "Wijk aan Zee"]
[Date "2006.01.19"]
[Round "5"]
[White "Jonkman, Harmen"]
[Black "Atalik, Suat"]
[Result "0-1"]
[WhiteElo "2470"]
[BlackElo "2618"]
[Annotator "Atalik,S"]
[PlyCount "90"]
[EventDate "2006.01.14"]
[EventType "tourn"]
[EventRounds "13"]
[EventCountry "NED"]
[EventCategory "9"]
[SourceTitle "CBM 111"]
[Source "ChessBase"]
[SourceDate "2006.04.04"]
[SourceVersion "1"]
[SourceVersionDate "2006.04.04"]
[SourceQuality "1"]

1. e4 c5 2. Nf3 {This was a small surprise!No Alapin today.} d6 3. c3 $5 {
How should we call it delayed Alapin?} Nf6 4. Bd3 Nc6 5. Bc2 Bg4 6. d3 g6 $5 (
6... e6 7. Nbd2 d5 $13) (6... Bxf3 7. Qxf3 g6 $13) 7. Nbd2 Bh6 $5 {An
interesting choice.However I soon felt that this is not better than the
regular fanchetto.} 8. h3 Bxf3 9. Nxf3 Bxc1 10. Rxc1 (10. Qxc1 Qb6 11. Rb1 O-O
12. O-O $14) 10... O-O 11. O-O e6 {I like this one more than the other
alternatives.} (11... e5 $14) (11... b5 12. d4 e5 13. Qd2 Kg7 $14) 12. Qd2 $6 {
Playing on the wrong side of the board.} (12. Nh2 $142 Nh5 13. f4 f5 14. exf5
exf5 15. Bb3+ Kg7 $14) 12... Kg7 13. Rfe1 Rc8 14. d4 cxd4 15. Nxd4 (15. cxd4
Qa5 $11 (15... Qb6 $11)) 15... Qb6 (15... a6 $11) 16. Nxc6 Rxc6 (16... bxc6 17.
Qxd6 Qxb2 18. Bb3 $1 $16 (18. Qe5 Qb5) 18... Nxe4 $140 $2 19. Qe5+ Nf6 20. g4
h6 21. h4 $18) 17. Bb3 Qc5 18. Rcd1 b5 $36 {Black has a good Sicilian.Also a
knight fits this kind of positions more than a bishop.} 19. Qd4 Qxd4 20. Rxd4 (
20. cxd4 Rc7 $15) 20... e5 21. Rd2 $2 {This is not active enough.This is a
very critical position in the game.} (21. Rb4 $142 $1 Rc5 (21... Rb6 22. c4 (
22. a4 $6 bxa4 (22... Rfb8 23. a5 Rc6 24. Rd1 (24. c4 $2 Rc5 25. f3 Kf8 26. Re3
Ke7 27. Rc3 Nd7 $17) 24... a6 25. c4 $14) 23. Rxb6 axb6 24. Bxa4 Ra8 $11) 22...
bxc4 23. Rxb6 axb6 24. Bxc4 Rc8 25. b3 Kf8 26. f3 Nh5 27. a4 Ke7 28. Kf2 Nf4
29. Rd1 f5 30. Rd2 $14) 22. a4 bxa4 23. Bxa4 Rfc8 $1 24. Bb3 R8c7 25. Rb8 (25.
f3 d5) 25... Nd7 26. Rd8 Rb5 27. Ba4 Rbb7 28. Bxd7 Rxd7 29. Rxd7 Rxd7 $11)
21... Rb8 22. a3 Kf8 23. h4 a5 24. g3 Ra6 $1 (24... b4 $2 25. cxb4 axb4 26. a4
$14) 25. Kg2 (25. f4 Nd7 $5 (25... exf4 $5 26. gxf4 Re8 27. Rd4 Nh5 28. e5 f6
29. e6 Ng7 $15)) 25... Ke7 26. f4 Nd7 27. Ra1 (27. fxe5 Nxe5 $15) 27... Nc5 28.
Bd5 b4 29. cxb4 {White has to be careful with the pawn exchanges.} (29. fxe5
dxe5 (29... bxc3 $6 30. exd6+ Rxd6 31. bxc3 Nxe4 (31... Nb3 $4 32. Rb2) 32. Re1
f5 33. Rd4 $11) 30. cxb4 axb4 31. b3 $1 {was the way to go.} bxa3 32. Rda2 f5
33. Rxa3 Rxa3 34. Rxa3 fxe4 35. Ra7+ Kd6 36. Bc4 $15) (29. axb4 $2 axb4 30.
Rxa6 Nxa6 31. cxb4 Nxb4 32. Bc4 f5 $1 $17) 29... axb4 30. b3 $2 (30. fxe5 dxe5
31. b3 bxa3 32. Rda2 f5 33. Rxa3 Rxa3 34. Rxa3 fxe4 35. Ra7+ Kd6 36. Bc4 $15 {
was the last chance.}) 30... exf4 $1 31. gxf4 Rxa3 (31... bxa3 32. Rda2 Nd3 $4
33. Bc4) 32. Rxa3 bxa3 33. Ra2 Nd3 $1 34. Kg3 (34. Kf3 Nb4 35. Rxa3 Nxd5 36.
exd5 Kf6 $19) 34... Nb4 35. Rxa3 Nxd5 36. exd5 Kf6 $17 {Now we have got a very
complicated rook ending.} (36... Rb5 37. h5) 37. h5 $1 (37. Ra6 Rxb3+ 38. Kg2
Kf5 39. Rxd6 h5 40. Rd7 f6 $19) 37... Kf5 38. hxg6 $4 {Harmen collapses.} (38.
h6 $1 {is the only move.} f6 $1 (38... Rb7 $6 39. Kf3 f6 40. Ke3 (40. b4 Rxb4
41. Ra7 Rxf4+ $19) 40... Kg4 41. b4 $1 {makes things pretty complicated.} Rxb4
$8 (41... Re7+ $2 42. Kd4 Kxf4 43. b5 $44) (41... f5 $2 42. Ra6 (42. Rb3) 42...
Rxb4 43. Rxd6 Re4+ 44. Kd3 $44) 42. Ra7 Rb3+ 43. Kd4 $1 (43. Kf2 Kxf4 44. Rxh7
Rh3 45. Kg2 Rh4 $19 {transposes to the main line.}) 43... Kxf4 44. Rxh7 Rh3 45.
Rd7 Rxh6 46. Rxd6 g5 47. Re6 g4 48. d6 g3 49. d7 (49. Re4+ Kf3 50. d7 g2 51.
Re3+ Kf4 52. d8=Q g1=Q $19) 49... g2 50. Re4+ Kg3 51. Re3+ (51. d8=Q $2 g1=Q+
52. Re3+ Kf4 53. Qe8 Rh4 $3 $19) 51... Kf2 52. d8=Q g1=Q 53. Qb6 $3 Rh4+ 54.
Kd5 Qg8+ 55. Kd6 $11) (38... Rb5 $2 39. Ra7 Kf6 40. Rd7 Rxd5 41. b4 Ke6 42. Rd8
Rh5 43. b5 Rxb5 44. Rh8 Rh5 45. Rxh7 d5 46. Rh8 Ke7 47. Kf3 Rh1 48. Kg2 $11)
39. Ra7 ({or} 39. Kf3 Rb5 40. Ra7 Rxb3+ 41. Kg2) 39... Rxb3+ 40. Kg2 Kxf4 41.
Rxh7 Rg3+ $1 (41... Rb2+ $2 42. Kg1 (42. Kh3 $4 {walks into a mating net.} g5
43. Rg7 f5 $19) 42... Kg5 43. Rf7 Kxh6 44. Rxf6 Rb6 45. Re6 Kg5 46. Kg2 Kf5 47.
Kf3 g5 48. Kf2 g4 49. Kg3 Kg5 50. Kg2 Kf4 51. Rg6 $11) 42. Kf2 (42. Kh2 Rg5 $19
) 42... Rh3 43. Kg2 Rh4 44. Rd7 (44. Re7 Rxh6 45. Re6 g5 (45... f5 $4 46. Rxd6
Ke5 47. Ra6 Kxd5 48. Kf3 Ke5 49. Rb6 $11) 46. Rxd6 Ke5 47. Ra6 Kxd5 48. Kg3 Ke4
$19) 44... Ke5 45. h7 Kxd5 46. Re7 g5 47. Kf3 f5 48. Kg3 Kd4 $19) 38... hxg6
39. Ra6 Rxb3+ 40. Kg2 Kxf4 41. Rxd6 Ke5 $19 42. Rd7 f6 43. d6 Rd3 44. Rg7 g5
45. d7 Ke6 {And the pawn falls.} 0-1